000 01010nam a2200229Ia 4500
001 L700-57637
003 IT-CnALBA
008 170116s9999||||xx |||||||||||||| ||und||
040 _aIT-CnALBA
_cIT-CnALBA
041 _aITALIANO
100 _aMERISIO PEPI, FOTOGRAFO.
245 0 _aPANE E VINO.
250 _a1a ed.
260 _a ROMA
_bECRA
_c1996 [1° Ed.:1996 - Ed.Ling.Originale: 1996]
300 _a232 p.
500 _aITALIA DELLA NOSTRA GENTE. INDICE ILLUSTRAZIONI. TEMI ILLUSTRATI. SOTTO IL SOLE DI DIO. IL LIBRO DELLA NATURA. COLLINE DI VIGNETO. CAMPI DI GRANO. COTTURA DEL PANE. PANIFICIO.
501 _aSocietà San Paolo EM - Piazza San Paolo, 14 - 12051 ALBA (CN) (non commercial uses only) ® Copyright 2017
520 _aITALIA DELLA NOSTRA GENTE. INDICE ILLUSTRAZIONI. TEMI ILLUSTRATI. SOTTO IL SOLE DI DIO. IL LIBRO DELLA NATURA. COLLINE DI VIGNETO. CAMPI DI GRANO. COTTURA DEL PANE. PANIFICIO.
650 _aBELLE ARTI-ARTI DECORATIVE
942 _cBK
957 _71
999 _a78154
_bNO
_g Copie: 1
_c317535
_d317535